Central Library OPAC University of Rajshahi

বাংলা প্রবাদ : (Record no. 63377)

MARC details
000 -LEADER
fixed length control field 00965nam a2200229 a 4500
001 - CONTROL NUMBER
control field 63377
003 - CONTROL NUMBER IDENTIFIER
rucl marc code BD-RjUL
005 - DATE AND TIME OF LATEST TRANSACTION
control field 20211209081206.0
008 - FIXED-LENGTH DATA ELEMENTS--GENERAL INFORMATION
fixed length control field 170130s1952 ii ||||| |||| 00| 0 ben d
035 ## - SYSTEM CONTROL NUMBER
System control number (BD-RjUL)63506
040 ## - CATALOGING SOURCE
Original cataloging agency BD-RjUL
Language of cataloging ben
Transcribing agency BD-RjUL
Modifying agency BD-RjUL
041 ## - LANGUAGE CODE
Language code of text/sound track or separate title ben
082 ## - DEWEY DECIMAL CLASSIFICATION NUMBER
Edition number 23
Classification number 398.99144
Author mark and year BAN 1952
245 00 - TITLE STATEMENT
Title বাংলা প্রবাদ :
Remainder of title ছড়া ও চলতি কথা /
Statement of responsibility, etc. সুশীল কুমার দে, সম্পাদিত
250 ## - EDITION STATEMENT
Edition statement ২য় সং.
260 ## - PUBLICATION, DISTRIBUTION, ETC. (IMPRINT)
Place of publication, distribution, etc. কলিকাতা :
Name of publisher, distributor, etc. এ. মুখার্জী এন্ড কোঃ ,
Date of publication, distribution, etc. ১৯৫২ [ভাদ্র ১৩৫৯]
300 ## - PHYSICAL DESCRIPTION
Pagination [১২], ৯৮৫ পৃ. ;
Size ২২ সেমি.
650 ## - SUBJECT ADDED ENTRY--TOPICAL TERM
Topical term or geographic name as entry element বাংলা প্রবাদ সংগ্রহ
9 (RLIN) 234123
Topical term or geographic name as entry element Bengali Proverbs Collections
9 (RLIN) 234124
700 ## - ADDED ENTRY--PERSONAL NAME
Personal name দে, সুশীল কুমার, সম্পাদক
942 ## - ADDED ENTRY ELEMENTS (KOHA)
Source of classification or shelving scheme Dewey Decimal Classification
Koha item type Books
Holdings
Lost status Source of classification or shelving scheme Damaged status Not for loan Collection code Permanent Location Current Location Shelving location Date acquired Source of acquisition Cost, normal purchase price Total Checkouts Full call number Date last seen Copy number Koha item type
  Dewey Decimal Classification   Not For Loan Non-fiction Central Library, University of Rajshahi Central Library, University of Rajshahi Rare Book Section 06/07/1956 Nowroze Kitabistan 22.80   BRA 398.99144 BAN 1952 28/10/2019 C-1 Rare Books
  Dewey Decimal Classification   Not For Loan Rare Books Central Library, University of Rajshahi Central Library, University of Rajshahi Rare Book Section 06/07/1956       BRA 398.99144 BAN 1952 28/10/2019 C-2 Rare Books